000 00946nam a2200301Ia 4500
001 76634
003 IT-RoPAU
008 130308s9999 xx 000 0 und d
040 _aIT-RoPAU
040 _cIT-RoPAU
041 _aITALIANO
100 _aNobilia Rosella
100 _gCodice Aut. SPICS: 26886
245 _aTeatro dell'opera (Il): la storia
245 _bLazio-L'Organizzazione Musicale
250 _a2a ed.
260 _aROMA
260 _bCidim
260 _c1988 [1° Ed.:1985 - Ed.Ling.Originale:1985]
300 _a"17 p. (prefazione: no ; testo: 17 [pagine: 30-46])"
500 _aNascita del Teatro Costanzi Dalla gestione Stin al Teatro Reale dell'Operadal Teatro Reale dell'Opera All'Ente Autonomo Teatro dell'Opera di Roma Dalla Crisi del 60 Agli Anni 80
650 _aSTORIA NAZIONALE DELLA MUSICA
650 _eCodice materia Spics: 7009
942 _cBK
957 _71
999 _c59211
_d59211
999 _bSI
999 _g1